| 000 | 00916nam a2200253 i 4500 | ||
|---|---|---|---|
| 001 | 154048 | ||
| 003 | ES-MaACL | ||
| 005 | 20250716063310.0 | ||
| 008 | 050829n1850 sp a |||| | spa d | ||
| 040 |
_aCAM _bspa _cCAM |
||
| 100 | 1 |
_aFénelon, François de Salignac de La Mothe, _d1651-1715 _949246 |
|
| 245 | 1 | 0 |
_aAventures de Télémaque / _cpar Fénelon. |
| 260 |
_a[s.l.] : _bPublié par Gustave Havard, _c[1850?] |
||
| 300 |
_a88 p. ; _c30 cm. |
||
| 490 | 1 | _aRomans, contes et nouvelles illustrés | |
| 594 | _aDatos de la obra tomados de la primera p. de texto, no tiene port. | ||
| 596 | _aImpreso posiblemente en la segunda mitad del s. XIX. | ||
| 597 | _aTexto a dos col. | ||
| 700 | 1 |
_aHavard, Gustave. _9127815 |
|
| 752 |
_aFrancia - _dParis |
||
| 830 | 0 |
_aRomans, contes et nouvelles illustrés _9188019 |
|
| 852 |
_aES-MaACL _jF-1952 _z- Enc. hol. |
||
| 999 |
_c154048 _d154048 |
||